Name theses LV Raiders - Statistics

General Stats
  • This quiz has been taken 49 times
  • The average score is 10 of 15
Answer Stats
Picture Answer % Correct
Carr
100%
Crosby
100%
Jacobs
95%
Renfrow
90%
Waller
83%
Hobbs
75%
Cole
73%
Carlson
70%
Deablo
60%
Abram
50%
Edwards
50%
Ingold
50%
Moehrig
50%
Moreau
43%
Ngakoue
40%
No matching quizzes found
Score Distribution
Percent of People with Each Score
Percentile by Number Answered
Your Score History
You have not taken this quiz